1792 1854 1537 1877 1373 1728 1542 1014 1954 1176 1559 1445 1594 1721 1509 1887 1163 1916 1371 1186 1287 1725 1805 1553 1317 1718 1114 1335 1278 1321 1150 1087 1948 1013 1795 1063 1115 1910 1528 1679 1191 1722 1561 1014 1113 1627 1543 1577 1716 1810 1792 1592 1662 1828 1965 1035 1904 1461 1815 1304 1812 1192 1644 1846 1361 1871 1530 1059 1965 1381 1394 1083 1173 1762 1020 1917 1997 1187 1878 1001 1690 1391 1334 1410 1338 1226 1208 1029 1855 1370 1858 1708 1394 1495 1929 1511 1367 1838 1352 BCNSPRNW ULIB Ver.6.0+V

เปลี่ยนเป็นภาษาไทย

Change to English
 แสดงรายละเอียดบรรณานุกรม
  กลับหน้าหลัก

Brief Record : Get Marc (ISO 2709) : E-mail record : QR code < ปิดหน้าต่าง
LEADER : 00000nam 2200000uu 4500
001    13399108096
003     ULIB
008    110216s2547||||th 000 0 tha d
020    9749523636
060 04 WY159^bป191ก 2547
100 0  ประกายแก้ว ประพฤติถ้อย
245 10 การพยาบาลกุมารเวชศาสตร์ /^cประกายแก้ว ประพฤติถ้อย ;ผู้ปรับปรุง, กรองกาญจน์ ศิริภักดี
250    พิมพ์ครั้งที่ 4
260    นนทบุรี :^bโครงการส่งเสริมการแต่งตำรามหาวิทยาลัยสุโขทัยธรรมาธิราช,^c2547
300    (13), 310 หน้า :^bภาพประกอบ ;^c26 ซม.
650  7 การพยาบาลกุมารเวชศาสตร์
700 0  กรองกาญจน์ ศิริภักดี,^eผู้ปรับปรุง
710 2  มหาวิทยาลัยสุโขทัยธรรมาธิราช. ^bโครงการส่งเสริมการแต่งตำรา
945    ^p250^l0^i017987
945    ^p250^l0^i018514
945    ^p250^l0^i019686
945    ^p250^l0^i018513
995    เกษร
999 ^a ใช้งานได้ทุกระบบ
รายการนี้ยังไม่มีแท็ก
คุณยังไม่ได้ล็อกอิน คุณสามารถมีกิจกรรมร่วมกับเว็บไซต์ได้ แต่ต้องล็อกอินก่อน ::
  ล็อกอิน

รายการสื่อสารสนเทศ

ลำดับที่ ประเภท เลขเรียก/บาร์โค้ด สถานที่ สถานะ
- ไม่พบข้อมูล -

รายการใกล้เคียง
    ผู้แต่ง [ประกายแก้ว ประพฤติถ้อย]

    หัวเรื่อง [การพยาบาลกุมารเวชศาสตร์]

BibComment


ยังไม่เคยถูกคอมเมนท์

คอมเมนท์ทรัพยากรรายการนี้
  คอมเมนท์: การพยาบาลกุมารเวช..


 Copyright 2026. Bcnsprnw @Library